Linguistics. A complete introduction.
Guardado en:
| Autor principal: | |
|---|---|
| Formato: | Desconocido |
| Lenguaje: | inglés |
| Publicado: |
London, United Kingdom:
Hodder & Stoughton, Ltd.,
2014
|
| Colección: | Teach Yourself
|
| Materias: | |
| Etiquetas: |
Agregar Etiqueta
Sin Etiquetas, Sea el primero en etiquetar este registro!
|
MARC
| LEADER | 00000 a2200000 4500 | ||
|---|---|---|---|
| 003 | CL-VaPUC | ||
| 005 | 20220316094933.0 | ||
| 008 | 220303b2014 ||||| |||| 00| 0 eng d | ||
| 999 | |c 434522 |d 434520 | ||
| 020 | |a 978-1-444-180329 | ||
| 040 | |c Pontificia Universidad Católica de Valparaíso | ||
| 082 | |a 410 HOR 2014 |2 22 | ||
| 100 | |a Hornsby, David |9 866494 |e author | ||
| 245 | 1 | 0 | |a Linguistics. |b A complete introduction. |
| 260 | |a London, United Kingdom: |b Hodder & Stoughton, Ltd., |c 2014 | ||
| 300 | |a 309 páginas | ||
| 490 | |a Teach Yourself | ||
| 583 | |k Cristina María Rojas Aguilar |c 20220303 | ||
| 650 | 0 | |a Lingüística |9 265068 | |
| 942 | |2 ddc |c BK | ||
| 952 | |0 0 |1 0 |2 ddc |4 0 |6 410_000000000000000_HOR_2014 |7 0 |8 A |9 581411 |a BIBEDU |b BIBEDU |c GEN |d 2022-02-24 |e 74 |g 15893.00 |i 5639263 |l 1 |o 410 HOR 2014 |p 5639263 |r 2024-09-03 |s 2024-08-27 |t 2 |v 15893.00 |w 2022-02-24 |y BK |k LIT | ||
| 952 | |0 0 |1 0 |2 ddc |4 0 |6 410_000000000000000_HOR_2014 |7 0 |8 A |9 581412 |a BIBEDU |b BIBEDU |c GEN |d 2022-02-24 |e 74 |g 15893.00 |i 5639255 |l 1 |m 1 |o 410 HOR 2014 |p 5639255 |r 2024-09-30 |s 2024-09-13 |t 1 |v 15893.00 |w 2022-02-24 |y BK |k LIT | ||